000 00472nam a2200181Ia 4500
005 20250326125445.0
008 250326s9999 xx 000 0 und d
037 _aTextbook
040 _aFMSL
_beng
_cFMSL
041 _aeng
_2eng
084 _aY11 L2
_qFMSL
100 _aBonop E D
_9739121
245 0 _aChildren solve problems
_cBonop E D
260 _aUSA
_bUSA, Allen Lane
_c1972
300 _a225p
942 _cTB
_hY11 L2
999 _c1278146
_d1278146